00223nam a22001097a 4500082001700000100001200017245003500029260001700064300000800081942000700089999001700096 a621.31244CAR aCaratti aPhotovoltaic power generation  aLondonc1988 aIRP cBK c14708d14708